Klein, Sartre and imagination in the films of Ingmar Bergman /

"The author brings together ideas from film studies, psychoanalysis and philosophy for a study of key films in the career of Ingmar Bergman. Drawing on ideas from Melanie Klein and Jean-Paul Sartre, films ranging from Summer with Monika to Hour of the Wolf are examined in detail. The book argue...

Full description

Bibliographic Details
Main Author: Williams, Dan, 1964- (Author)
Format: Book
Language:English
Published: Houndmills, Basingstoke, Hampshire ; New York, NY : Palgrave Macmillan, 2015.
Subjects:

MARC

Tag First Indicator Second Indicator Subfields
LEADER 00000cam a2200000 i 4500
001 in00003588694
005 20170928134050.0
008 150407s2015 enk b 001 0 eng
010 |a  2015013187 
020 |a 9781137471970 (hardback) 
020 |a 1137471972 (hardback) 
024 8 |a 40025204718 
035 |a (OCoLC)ocn906936738 
035 |a (OCoLC)906936738 
040 |a DLC  |b eng  |e rda  |c DLC  |d YDX  |d BTCTA  |d BDX  |d OCLCF  |d YDXCP  |d CDX  |d ERASA  |d OCLCO  |d UtOrBLW 
042 |a pcc 
049 |a TXAM 
050 0 0 |a PN1998.3.B47  |b W55 2015 
082 0 0 |a 791.4302/33092  |2 23 
084 |a PER004030  |a SOC052000  |2 bisacsh 
100 1 |a Williams, Dan,  |d 1964-  |e author.  |0 http://id.loc.gov/authorities/names/n2015021612 
245 1 0 |a Klein, Sartre and imagination in the films of Ingmar Bergman /  |c Dan Williams. 
264 1 |a Houndmills, Basingstoke, Hampshire ;  |a New York, NY :  |b Palgrave Macmillan,  |c 2015. 
300 |a vii, 236 pages ;  |c 23 cm 
336 |a text  |b txt  |2 rdacontent 
337 |a unmediated  |b n  |2 rdamedia 
338 |a volume  |b nc  |2 rdacarrier 
520 |a "The author brings together ideas from film studies, psychoanalysis and philosophy for a study of key films in the career of Ingmar Bergman. Drawing on ideas from Melanie Klein and Jean-Paul Sartre, films ranging from Summer with Monika to Hour of the Wolf are examined in detail. The book argues that Bergman, Klein and Sartre are connected through their central focus on imagination, and that this shared preoccupation represents a challenging alternative to dominant theories in the analysis of film and culture. "--  |c Provided by publisher. 
504 |a Includes bibliographical references (pages 223-228) and index. 
505 8 |a Machine generated contents note: -- List of FiguresAcknowledgements1. The Imagination: Bergman, Klein and Sartre2.From Freud to Klein, and Wild Strawberries 3.Sartre's Theory of Imagination and The Seventh Seal4.From Three Early Bergman Films to an Analysis of Summer with Monika 5.Revenge and Reparation in The Virgin Spring6.The Destruction of the Artist: Hour of the Wolf7.ConclusionBibliographyFilmography Index. 
600 1 0 |a Bergman, Ingmar,  |d 1918-2007  |x Criticism and interpretation. 
650 0 |a Imagination in motion pictures.  |0 http://id.loc.gov/authorities/subjects/sh2004007624 
650 0 |a Psychoanalysis and motion pictures.  |0 http://id.loc.gov/authorities/subjects/sh88003429 
650 7 |a PERFORMING ARTS / Film & Video / History & Criticism.  |2 bisacsh 
650 7 |a SOCIAL SCIENCE / Media Studies.  |2 bisacsh 
655 7 |a Criticism, interpretation, etc.  |2 fast  |0 (OCoLC)fst01411635 
600 1 7 |a Bergman, Ingmar,  |d 1918-2007.  |2 fast  |0 (OCoLC)fst01440123 
650 7 |a Imagination in motion pictures.  |2 fast  |0 (OCoLC)fst01201476 
650 7 |a Psychoanalysis and motion pictures.  |2 fast  |0 (OCoLC)fst01081275 
938 |a Baker and Taylor  |b BTCP  |n BK0016951921 
938 |a Brodart  |b BROD  |n 112245285 
938 |a YBP Library Services  |b YANK  |n 12317366 
938 |a Coutts Information Services  |b COUT  |n 31027565 
938 |a Erasmus Boekhandel  |b ERAA  |n NTS0000200661 
947 |a A14842904360 
945 |a PromptCat  |b 327065 
946 |a stk 
994 |a 92  |b TXA 
948 |a Cataloged  |b h  |c 2015/9/25  |d c  |e AReeder 
999 f f |s b476fa4a-42f9-3c6e-b9fa-b5da2f12b658  |i 67fb2ab8-2588-3d21-af3b-08bfb06b4424  |t 0 
952 f f |p newbook  |a Texas A&M University  |b College Station  |c Sterling C. Evans Library  |d Evans: New Book Shelves (1st floor)  |t 0  |e PN1998.3.B47 W55 2015  |h Library of Congress classification  |i unmediated -- volume  |m A14842904360 
998 f f |a PN1998.3.B47 W55 2015  |t 0  |l Evans: Library Stacks